000 00672nam a2200241 a 4500
999 _c7081
_d7081
001 7081
003 BD-JhCC
005 20180417184143.0
008 180204s1962 enk 001 0 eng d
035 _a(D-JhCC)7081
040 _aBD-JhCC
_cKLG
_dBD-JhCC
_dEQO
041 _aeng
082 _a100
_218
_bLAN 1964
090 _aB945.L273
_bP45 1962
100 1 _aLanger, Susanne K.
_q(Susanne Katherina Knauth),
_d1895-1985.
245 1 0 _aPhilosophical sketches
_c Susanne K. Langer,
260 _aOxford University Press :
_bLondon,
_c[c1962]
300 _a160 p.
_c22 cm
504 _aIncludes Index
650 _aPhilosophy Modern
942 _2ddc
_cBK